Foundations of finance : (Record no. 3288)

MARC details
000 -LEADER
fixed length control field 01537cam a22002294a 4500
020 ## - INTERNATIONAL STANDARD BOOK NUMBER
ISBN 9780130183682
020 ## - INTERNATIONAL STANDARD BOOK NUMBER
ISBN 0130183687 (review)
020 ## - INTERNATIONAL STANDARD BOOK NUMBER
ISBN 0536629919
022 ## - INTERNATIONAL STANDARD SERIAL NUMBER
ISSN 0130179817 (student)
050 00 - CALL NUMBER
Classification number HG4026
Item number .F67
100 ## - AUTHOR
Personal name Arthur J Keown
245 00 - TITLE
Title Foundations of finance :
Remainder of title the logic and practice of financial management /
Statement of responsibility, etc Arthur J. Keown ... [et al.].
250 ## - EDITION
Edition statement 3rd ed.
260 ## - PUBLICATION INFORMATION
Place of publication Upper Saddle River, N.J. :
Name of publisher Prentice Hall,
Year of publication c2001.
300 ## - DESCRIPTION
Number of Pages xxxi, 585 p. :
Other physical details ill. (some col.) ;
Dimensions 27 cm. +
Accompanying material 1 computer optical disc (4 3/4 in.)
440 #0 - SERIES
SERIES Prentice Hall finance series
500 ## - NOTES
General note Includes bibliographical references and index
505 ## - FORMATTED CONTENTS NOTE
Table of Content An introduction to the foundations of financial management--the tie that binds --<br/>The financial markets and interest rates --<br/>Understanding financial statements and cash flows --<br/>Evaluating a firm's financial performance --<br/>Financial forecasting, planning, and budgeting ---<br/>The time value of money --<br/>The valuation and characteristics of bonds --<br/>The valuation and characteristics of stock --<br/>The meaning and measurement of risk and return --<br/>Capital-budgeting techniques and practice --<br/>Cash flows and other topics in capital budgeting --<br/>The cost of capital --<br/>Determining the financing mix --<br/>Dividend policy and internal financing --<br/>Introduction to working-Capital management ---<br/>Liquid asset management ---<br/>International business finance ---<br/>
650 #0 - SUBJECTS
Topical Term Corporations
General subdivision Finance.
700 1# - OTHER AUTHORS
Personal name Keown, Arthur J.
942 ## - ADDED ENTRY ELEMENTS (KOHA)
Koha item type Books
Holdings
Withdrawn status Lost status Collection code Home library Current library Shelving location Date acquired Full call number Accession Number Koha item type
    Reference Methodist University Library Main Methodist University Library Main General Stacks 03/01/2013 HG4026 .F67 37724 Books
Copyright © 2026  MUG Library